| 000 | 00601nam a22002057a 4500 | ||
|---|---|---|---|
| 003 | OSt | ||
| 005 | 20210419082623.0 | ||
| 008 | 210302s2013 ||||| |||| 00| 0 eng d | ||
| 020 | _a9781469989396 | ||
| 040 |
_aeng _beng _cDLC |
||
| 041 | _aeng | ||
| 080 |
_a663.2 _bK-46 |
||
| 100 |
_91199 _aKing, Jeff |
||
| 245 |
_aThe Home Distiller's Workbook _b: Your Guide to Making Moonshine, Whiskey, Vodka, Rum and so Much More _c/ by: FOI Publishing |
||
| 260 |
_bFOI Publishing _c2013 |
||
| 300 |
_a90 p. _bill. |
||
| 650 | 0 |
_9729 _aWine Making |
|
| 653 | _aმეღვინეობა | ||
| 942 |
_2udc _cBK |
||
| 999 |
_c1827 _d1827 |
||